[Event "Barcelona Sant Marti op 11th"]
[Site "Barcelona"]
[Date "2024.01.11"]
[Round "1"]
[White "Poble Noguera, Ramon"]
[Black "Calderon Gutierrez, Felipe"]
[Result "0-1"]
[WhiteElo "1392"]
[BlackElo "1761"]
[PlyCount "68"]
[EventDate "2024.01.11"]
[EventType "swiss"]
[EventRounds "9"]
[EventCountry "ESP"]
[SourceTitle "CB11_2024"]
[SourceDate "2024.03.13"]
[SourceVersion "1"]
[SourceVersionDate "2024.03.13"]
[SourceQuality "1"]

1. e4 c6 2. d4 d5 3. exd5 cxd5 4. Nf3 Nc6 5. Bf4 Nf6 6. Be2 e6 7. 0-0 Qb6 8. b3 Ne4 9. c4 Be7 10. c5 Qa5 11. a3 0-0 12. b4 Nxb4 13. Nfd2 Nc6 14. Nxe4 dxe4 15. Bd2 Qc7 16. Be3 Bf6 17. Ra2 Rd8 18. Rd2 Qa5 19. d5 exd5 20. Rxd5 Be6 21. Rxd8+ Rxd8 22. Qc2 Nd4 23. Bxd4 Rxd4 24. c6 bxc6 25. Qxc6 Qd8 26. Nc3 Rd2 27. Re1 Rc2 28. Rd1 Qf8 29. Qxe4 Rxc3 30. Bd3 g6 31. Qb7 Rxa3 32. Be4 Kg7 33. g3 Qc5 34. Rd2 Qc1+ 0-1